000 00790nam a22003017a 4500
001 BR9302235
003 BR-BrBNA
005 20230928093804.0
007 ta
008 230509b bl.||||| |||| 00| 0 por d
040 _aBR-BrBNA
_bpor
_cBiblioteca Nacional de Agricultura
041 _a(Por)
072 _aE80
_b0336
_b9950
090 _ 0336 BR9302235
110 1 _aCentro Nacional de Pesquisa da Soja, Londrina, PR (Brasil)
_91743
245 1 _aDelicias de soja: um cardapio nutritivo
260 3 _aRio de Janeiro, RJ (Brasil):
_bGlobo,
_c1988.
300 _a76 p.
650 _aSoja
650 _aLeite de Soja
650 _aBebida
650 _aBolo
650 _aPao
650 _aDoce
650 _aCulinaria
909 _a202309
_bLucia
_c55
_dLucia Elande
942 _cBK
999 _c47115
_d47115